| 000 | 00864nam a22002177a 4500 | ||
|---|---|---|---|
| 005 | 20120229150836.0 | ||
| 010 | _aB-446368 | ||
| 020 |
_a9780140246315 _c200.00 |
||
| 035 | _aB-446368 | ||
| 037 | _bBlue Berry/Ven | ||
| 082 | _aS | ||
| 100 |
_aMarquez, Gabriel Garcia _943639 |
||
| 245 |
_aOf Love and other demons / _cby Gabriel Garcia Marquez |
||
| 260 |
_aNew Delhi _bPenguin Books _c1997(repr.) |
||
| 270 |
_a4737/23, Ansari Road Darya Ganj, _bNewDelhi _e110002 _k011-42242200 _mvivadelhi@vivagroupindia.net |
||
| 300 |
_a160p. _b20cm(pbk) |
||
| 700 | _943266 | ||
| 942 |
_2ddc _cEN _mMAR _hS |
||
| 999 |
_c63641 _d63641 |
||